Normal view MARC view

Entry Personal Name

Number of records used in: 1

001 - CONTROL NUMBER

  • control field: 308935

003 - CONTROL NUMBER IDENTIFIER

  • control field: DLC

005 - DATE AND TIME OF LATEST TRANSACTION

  • control field: 20260122105059.0

008 - FIXED-LENGTH DATA ELEMENTS

  • fixed length control field: 120124n| acannaabn |n aaa

010 ## - LIBRARY OF CONGRESS CONTROL NUMBER

  • LC control number: n 2012004981

040 ## - CATALOGING SOURCE

  • Original cataloging agency: DLC
  • Language of cataloging: eng
  • Transcribing agency: DLC
  • Modifying agency: MY-SjTCS
  • Description conventions: rda

100 1# - HEADING--PERSONAL NAME

  • Personal name: Green, Michael R.
  • Fuller form of name: (Michael Richard),
  • Dates associated with a name: 1954-2023

373 ## - ASSOCIATED GROUP

  • Associated group: Howard Hughes Medical Institute

374 ## - OCCUPATION

  • Occupation: Molecular biologists
  • Source of term: lcsh

375 ## - GENDER

  • Gender: male

377 ## - ASSOCIATED LANGUAGE

  • Language code: eng

670 ## - SOURCE DATA FOUND

  • Source citation: Molecular cloning, 2012:
  • Information found: t.p. (Michael R. Green) pub. info. (Michael Richard Green; b. Jan. 20, 1954)